000 00409nam a22001217a 4500
003 SGT
082 _a891.4309
_bS07D
100 _aदाभोलकर, श्रीपाद अच्युत
245 _aसर्व सुलभ समृद्धि : प्रयोग परिवार विधि
260 _bअकेडमा प्रकाशन
_c2007
300 _a220
942 _2ddc
_cBK
999 _c31248
_d31248